| 000 | 01105nam a2200325 i 4500 | ||
|---|---|---|---|
| 001 | 21031 | ||
| 003 | KOSZ 005 | ||
| 005 | 20220428123315.0 | ||
| 008 | 961010s1961 pl f f |000 0 pol d | ||
| 040 |
_cKOSZ 005 _aKOSZ 005 _dKOSZ 005/HR |
||
| 041 |
_apol _heng |
||
| 046 | _k1957 | ||
| 080 | _a539.1 | ||
| 080 | _a(075.8) | ||
| 100 | 1 |
_aHalliday, David _d(1916-2010) _eAutor |
|
| 245 | 1 | 0 |
_aWstęp do fizyki jądrowej / _cDawid Halliday ; [tł. Stanisław Rouppert]. |
| 246 | 1 |
_iTyt. oryg.: _aIntroductory nuclear physics |
|
| 260 |
_aWarszawa : _bPaństwowe Wydawnictwo Naukowe, _c1961. |
||
| 300 |
_a448 s. : _bil. ; _c25 cm. |
||
| 380 | _aKsiążki | ||
| 388 | _a1901-2000 | ||
| 388 | _a1945-1989 | ||
| 650 | 4 | _aFizyka jądrowa | |
| 655 | 4 | _aPodręczniki akademickie | |
| 658 | _aFizyka i astronomia | ||
| 700 | 4 |
_aRuppert, Stanisław _d(1912-1966) _eTłumaczenie |
|
| 710 | 2 |
_aPaństwowe Wydawnictwo Naukowe _4pbl. |
|
| 856 |
_uhttp://koha.tu.koszalin.pl/cgi-bin/koha/opac-detail.pl?biblionumber=21031 _yKatalog online BPK |
||
| 942 |
_cKS _2UKD |
||
| 999 |
_c21031 _d21031 |
||